| 000 | 01009cam a2200313 a 4500 | ||
|---|---|---|---|
| 008 | 930225s1991 gw a 000 0 ger d | ||
| 020 | _a3575110034 | ||
| 040 |
_aEG-GiCUC _bger _cEG-GiCUC |
||
| 041 | 0 | _agerengfre | |
| 043 | _ae-gx--- | ||
| 050 | 0 | 0 |
_aDD20 _b.K53 1991 |
| 082 | 0 | 0 |
_a943.087/9/0222 _220 |
| 092 | 0 | 4 |
_a943.08790222 _bK471 1991 _221 |
| 099 |
_a04 _a943.08790222 K471 1991 |
||
| 100 | 1 | _aKiedrowski, Rainer. | |
| 245 | 1 | 0 |
_aDeutschland = _bGermany = Allemagne / _cFotos, Rainer Kiedrowski ; Text, Klaus Viedebantt. |
| 250 | _a2., uberarbeitete und erg. Aufl. | ||
| 260 |
_aBerlin : _bRV Verlag, _c1991. |
||
| 300 |
_a199 p. : _bcol. ill. ; _c28 cm. |
||
| 500 | _aText in German, English, and French. | ||
| 651 | 0 |
_aGermany _vPictorial works. |
|
| 651 | 0 |
_aGermany _xDescription and travel. |
|
| 700 | 1 |
_aViedebantt, Klaus, _d1943- |
|
| 902 | _a1 | ||
| 905 |
_aEman _eRev. |
||
| 905 |
_aJamal _eCat. |
||
| 942 |
_2ddc _cBK |
||
| 999 |
_c112698 _d112698 |
||